Propuesta de manuales de funciones, normas y procedimientos organizativos para la empresa Importaciones Puerto Paiz, S.A. con su sede central en Managua
La presente investigación tiene como objetivo diseñar una propuesta de manual de funciones, normas, y procedimientos organizativos, para ordenar, controlar y normar desde la selección del personal hasta cada proceso y procedimiento que realiza la empresa.
| Main Authors: | , , |
|---|---|
| Other Authors: | |
| Format: | Tesis Section = Libro |
| Language: | Undetermined Spanish |
| Published: |
Managua
UNI
2021
|
| Subjects: |
| LEADER | 01255nam a2200289Ia 4500 | ||
|---|---|---|---|
| 008 | 240830s9999 xx 000 0 und d | ||
| 040 | |a BIBLIOTECA-RUPAP/ Mon 658.402 V335 | ||
| 041 | |a spa | ||
| 082 | |a Mon 658.402 V335 | ||
| 100 | 1 | |a Vásquez Bravo, Grethel Vanessa | |
| 100 | 1 | |b Aguirre Arias, Harrier Josué | |
| 100 | 1 | |c Salgado Fuentes, Iasser Josué | |
| 245 | 1 | 0 | |a Propuesta de manuales de funciones, normas y procedimientos organizativos para la empresa Importaciones Puerto Paiz, S.A. con su sede central en Managua |
| 260 | |a Managua |b UNI |c 2021 | ||
| 300 | |a 163 p. :il. | ||
| 500 | |a Contiene: anexos y CD. | ||
| 502 | |a Tesis (Ingeniero Industrial) - UNI, 2021. | ||
| 520 | 3 | |a La presente investigación tiene como objetivo diseñar una propuesta de manual de funciones, normas, y procedimientos organizativos, para ordenar, controlar y normar desde la selección del personal hasta cada proceso y procedimiento que realiza la empresa. | |
| 650 | 7 | |a ORGANIZACIÓN INDUSTRIAL-MANUALES | |
| 650 | 7 | |b ESTRUCTURA ADMINISTRATIVA | |
| 650 | 7 | |c MANUALES DE PROCEDIMIENTOS | |
| 650 | 7 | |d NORMAS | |
| 650 | 7 | |e MANUAL DE FUNCIONES | |
| 700 | 1 | |a Tutor: |b Boza Castro, Freddy Fernando | |
| 942 | |c BK |2 ddc | ||
| 991 | |a TESIS | ||
| 999 | |c 19095 | ||